The exhaustive concordance of the Bible / (Record no. 17338)
[ view plain ]
| 000 -LEADER | |
|---|---|
| fixed length control field | 00951nam a2200229 a 4500 |
| 003 - CONTROL NUMBER IDENTIFIER | |
| control field | PILC |
| 005 - DATE AND TIME OF LATEST TRANSACTION | |
| control field | 20150424235214.0 |
| 008 - FIXED-LENGTH DATA ELEMENTS--GENERAL INFORMATION | |
| fixed length control field | 080226s19uu xx 00 eng d |
| 010 ## - LIBRARY OF CONGRESS CONTROL NUMBER | |
| LC control number | Acc#38194 |
| 020 ## - INTERNATIONAL STANDARD BOOK NUMBER | |
| International Standard Book Number | 1565637771 |
| 050 ## - LIBRARY OF CONGRESS CALL NUMBER | |
| Classification number | Os-Ref BS 425 |
| Item number | S88 2000 |
| 040 ## - CATALOGING SOURCE | |
| Transcribing agency | Philippine Baptist Theological Seminary |
| 100 10 - MAIN ENTRY--PERSONAL NAME | |
| Personal name | Strong, James |
| 245 10 - TITLE STATEMENT | |
| Title | The exhaustive concordance of the Bible / |
| Statement of responsibility, etc. | By James Strong. |
| 260 0# - PUBLICATION, DISTRIBUTION, ETC (IMPRINT) | |
| Place of publication, distribution, etc. | Peabody, MA : |
| Name of publisher, distributor, etc. | Hendrickson Publishers. |
| 300 ## - PHYSICAL DESCRIPTION | |
| Extent | 1340 p. ; 28 cm. |
| 520 ## - SUMMARY, ETC. | |
| Summary, etc. | Showing every word of the text of the common English version of the canonical books, and every occurrence of each word in regular order; together with dictionaries of the Hebrew and Greek words of the original, with references to the English words; |
| 650 ## - SUBJECT ADDED ENTRY--TOPICAL TERM | |
| Topical term or geographic name as entry element | BIBLE |
| General subdivision | CONCORDANCE, ENGLISH |
| 650 ## - SUBJECT ADDED ENTRY--TOPICAL TERM | |
| Topical term or geographic name as entry element | HEBREW LANGUAGES |
| General subdivision | DICTIONARIES |
| -- | ENGLISH |
| 650 #4 - SUBJECT ADDED ENTRY--TOPICAL TERM | |
| Topical term or geographic name as entry element | GREEK LANGUAGE, BIBLICAL |
| General subdivision | DICTIONARIES |
| -- | ENGLISH |
| 942 ## - ADDED ENTRY ELEMENTS (KOHA) | |
| Koha item type | Reference Books |
| Source of classification or shelving scheme | Library of Congress Classification |
| Withdrawn status | Lost status | Source of classification or shelving scheme | Damaged status | Not for loan | Home library | Current library | Shelving location | Date acquired | Total Checkouts | Full call number | Barcode | Date last seen | Price effective from | Koha item type |
|---|---|---|---|---|---|---|---|---|---|---|---|---|---|---|
| Dewey Decimal Classification | PBTS Library | PBTS Library | Reference Section | 02/26/2008 | Os-Ref BS 425 S88 2000 | 38194 | 04/08/2026 | 04/02/2015 | Reference Books |